Foxpro; T4 Version 2.0

সংরক্ষণ করুন:
গ্রন্থ-পঞ্জীর বিবরন
প্রধান লেখক: Dương Quang Thiện
বিন্যাস: গ্রন্থ
ভাষা:Undetermined
প্রকাশিত: Tp. HCM Văn phòng dịch vụ điện toán 1993
বিষয়গুলি:
ট্যাগগুলো: ট্যাগ যুক্ত করুন
কোনো ট্যাগ নেই, প্রথমজন হিসাবে ট্যাগ করুন!
Thư viện lưu trữ: Trung tâm Học liệu Trường Đại học Cần Thơ
LEADER 00610nam a2200181Ia 4500
001 CTU_5087
008 210402s9999 xx 000 0 und d
082 |a 005.3 
082 |b Th305/T4 
100 |a Dương Quang Thiện 
245 0 |a Foxpro; T4 
245 0 |b Version 2.0 
245 0 |c Dương Quang Thiện, Nguyễn Lục, Trần Thị Thanh Loan 
260 |a Tp. HCM 
260 |b Văn phòng dịch vụ điện toán 
260 |c 1993 
650 |a foxpro ( computer programs ),programming languages ( electronic computers ) 
980 |a Trung tâm Học liệu Trường Đại học Cần Thơ